[Event "GER-ch U12 Girls"]
[Site "Willingen"]
[Date "2018.05.21"]
[Round "4"]
[White "Alferova, Emily"]
[Black "Mueller, Alina"]
[Result "1-0"]
[WhiteElo "1323"]
[BlackElo "1208"]
[PlyCount "99"]
[EventDate "2018.05.19"]
[EventType "swiss"]
[EventRounds "11"]
[EventCountry "GER"]
[SourceTitle "CBM 184 Extra"]
[Source "ChessBase"]
[SourceDate "2018.06.28"]
[SourceVersion "1"]
[SourceVersionDate "2018.06.28"]
[SourceQuality "1"]

1. e4 e6 2. d4 d5 3. Nc3 dxe4 4. Nxe4 Bd7 5. Nc3 Bc6 6. Nf3 Nd7 7. a3 Ngf6 8. Bf4 Be7 9. Bd3 0-0 10. 0-0 Re8 11. b4 b6 12. h3 Bb7 13. Qe2 Nd5 14. Nxd5 Bxd5 15. c4 Bb7 16. Rfd1 Qc8 17. Ne5 Nxe5 18. Bxe5 Bd6 19. Bxd6 cxd6 20. Qc2 g6 21. Re1 Qd8 22. Rad1 Qg5 23. Be4 Bxe4 24. Qxe4 Qf5 25. Qxf5 exf5 26. Rxe8+ Rxe8 27. c5 dxc5 28. dxc5 bxc5 29. bxc5 Rc8 30. Rc1 Kf8 31. f4 Ke7 32. Kf2 Kd7 33. Ke3 Kc6 34. Kd4 Re8 35. Kd3 Re4 36. g3 Ra4 37. Rc3 f6 38. Kc2 Ra5 39. Kd3 Rxc5 40. Rxc5+ Kxc5 41. Kc3 h6 42. g4 fxg4 43. hxg4 h5 44. f5 Kd6 45. fxg6 Ke7 46. gxh5 Kf8 47. Kd4 Kg7 48. Ke4 a6 49. a4 a5 50. Kf5 1-0

[Event "GER-ch U10 Girls"]
[Site "Willingen"]
[Date "2016.05.21"]
[Round "11"]
[White "Bress, Amy Charlize"]
[Black "Mueller, Alina"]
[Result "1-0"]
[WhiteElo "1059"]
[BlackElo "1159"]
[PlyCount "157"]
[EventDate "2016.05.15"]
[EventType "swiss"]
[EventRounds "11"]
[EventCountry "GER"]
[SourceTitle "CBM 172 Extra"]
[Source "ChessBase"]
[SourceDate "2016.06.21"]
[SourceVersion "1"]
[SourceVersionDate "2016.06.21"]
[SourceQuality "1"]

1. e4 e6 2. d4 d5 3. Nc3 dxe4 4. Nxe4 Bd7 5. Bd3 Bc6 6. Nf3 Nd7 7. Qe2 Ngf6 8. Bg5 Be7 9. 0-0 Nxe4 10. Bxe4 Bxe4 11. Qxe4 c6 12. Rfe1 0-0 13. Qh4 Re8 14. Bxe7 Rxe7 15. Rad1 Qe8 16. d5 cxd5 17. Rxd5 Rd8 18. Rd3 e5 19. Rde3 Rc8 20. c3 f6 21. Qe4 b6 22. Nd2 b5 23. Qd5+ Qf7 24. Qxf7+ Rxf7 25. Rd1 Nb6 26. Rd3 h6 27. Ne4 Re7 28. Rd8+ Rxd8 29. Rxd8+ Kh7 30. b3 Rc7 31. Rd3 f5 32. Nd6 b4 33. c4 a5 34. Nxf5 a4 35. g3 axb3 36. axb3 e4 37. Rd4 Rf7 38. Nd6 Re7 39. Rxe4 Rd7 40. Rd4 Nc8 41. c5 Kg8 42. Rxb4 Nxd6 43. cxd6 Rxd6 44. Rb8+ Kh7 45. b4 Rd1+ 46. Kg2 Rb1 47. b5 Kg6 48. Kf3 Kf5 49. b6 Ke6 50. b7 Kd7 51. Rg8 g5 52. b8Q Rxb8 53. Rxb8 Ke6 54. Rb6+ Kf5 55. Rxh6 g4+ 56. Kg2 Kg5 57. Rh4 Kf5 58. h3 gxh3+ 59. Rxh3 Kg4 60. f3+ Kf5 61. g4+ Kf4 62. Rh8 Kg5 63. Rg8+ Kf6 64. g5+ Kf7 65. Ra8 Kg6 66. f4 Kf5 67. Kg3 Kg6 68. Kg4 Kf7 69. Kf5 Kg7 70. Ke6 Kg6 71. f5+ Kxg5 72. f6 Kg6 73. f7 Kg5 74. f8Q Kg6 75. Qf7+ Kg5 76. Rg8+ Kh6 77. Qf4+ Kh7 78. Rg1 Kh8 79. Qh4# 1-0

[Event "GER-ch U10 Girls"]
[Site "Willingen"]
[Date "2016.05.19"]
[Round "8"]
[White "Mueller, Alina"]
[Black "Roncea, Andrea Alexandra"]
[Result "1-0"]
[WhiteElo "1159"]
[BlackElo "857"]
[PlyCount "69"]
[EventDate "2016.05.15"]
[EventType "swiss"]
[EventRounds "11"]
[EventCountry "GER"]
[SourceTitle "CBM 172 Extra"]
[Source "ChessBase"]
[SourceDate "2016.06.21"]
[SourceVersion "1"]
[SourceVersionDate "2016.06.21"]
[SourceQuality "1"]

1. Nf3 Nc6 2. d4 d5 3. Bf4 Bf5 4. e3 Nf6 5. Bb5 a6 6. Ba4 e6 7. Ne5 b5 8. Nxc6 Qd7 9. Ne5 Qd8 10. Bb3 a5 11. c3 a4 12. Bc2 Bxc2 13. Qxc2 Bd6 14. Nd2 0-0 15. 0-0 c5 16. Bg5 Be7 17. dxc5 Bxc5 18. Ng4 Be7 19. Nxf6+ Bxf6 20. Bxf6 Qxf6 21. Rfe1 Rfc8 22. e4 dxe4 23. Nxe4 Qg6 24. Qd3 Rab8 25. a3 Rd8 26. Qe3 f5 27. Ng5 Rd6 28. Qf4 Rbb6 29. Rad1 Rxd1 30. Rxd1 Qe8 31. Qh4 h6 32. Nf3 e5 33. Rd8 Qxd8 34. Qxd8+ Kh7 35. Qxb6 1-0